| 000 | 00670cam a2200241 4500500 | ||
|---|---|---|---|
| 005 | 20260329004301.0 | ||
| 041 | _afre | ||
| 042 | _adc | ||
| 100 | 1 | 0 |
_aLacroix, Alexandre _eauthor |
| 245 | 0 | 0 | _aLes hormones dans la course |
| 260 | _c2019. | ||
| 500 | _a79 | ||
| 690 | _aAlexandre Lacroix | ||
| 690 | _aAthlétisme | ||
| 690 | _aCaster Semenya | ||
| 690 | _aGenre | ||
| 690 | _aIdentité | ||
| 690 | _aJudith Butler | ||
| 690 | _aSexe | ||
| 690 | _aSport | ||
| 786 | 0 | _nPhilosophie magazine | 130 | 6 | 2019-06-01 | p. 9-9 | 1951-1787 | |
| 856 | 4 | 1 | _uhttps://shs.cairn.info/magazine-philosophie-magazine-2019-6-page-9?lang=fr&redirect-ssocas=7080 |
| 999 |
_c1832458 _d1832458 |
||